Quick Pick: Mythical Constellations Quiz Stats

 Plays Quiz Updated Apr 16, 2016

Also try: Clicking Gods
Challenge
Share
Tweet
Embed
Score 0/8 Timer 01:00
0 Plays Today
% Correct
Orion
93.4%
Andromeda
87.8%
Pegasus
85%
Cassiopeia
84.1%
Perseus
69.1%
Hydra
68.5%
Hercules
58.6%
Cepheus
50.8%

Today's Daily Dose

You're not logged in!

Compare scores with friends on all Sporcle quizzes.
Join for Free
OR
Log In

You Might Also Like...

Show Comments

Extras

Top Quizzes Today


Score Distribution

Your Account Isn't Verified!

In order to create a playlist on Sporcle, you need to verify the email address you used during registration. Go to your Sporcle Settings to finish the process.

Report this User

Report this user for behavior that violates our Community Guidelines.

Details: